000 00407nam a2200157Ia 4500
008 230917s9999||||xx |||||||||||||| ||und||
020 _cFL45
040 _e14251
_aMAIN
041 _aEnglish
082 _a330.9 P712E
100 _aPleeter, Saul, ed.
245 0 _aEconomic impact analysis: methodology and applications
260 _aBeston
_bMartins Nijhoff
_c1980
300 _ax,196 p.
942 _cBK
999 _c217451
_d217451